000 00528cam a22001457a 4500
008 180718b1961 xxu||||| |||| 00| 0 eng d
082 _aF53x492 R553
100 _aRobison, Alan D.
245 _aDutch organized agriculture in international politics, 1945-1960
_cby Alan D. Robison
260 _aThe Hague
_bM. Nijhoff
_c1961
300 _a192p
650 _aAgriculture and state --European Economic Community countries
650 _aAgriculture and state --Netherlands
650 _aAgriculture --Economic aspects --Netherlands
999 _c426484
_d426484